00354nam a2200145Ia 4500003000400000005001700004008004100021040000900062082001500071100002800086245004700114260002700161300000900188650001100197OSt20210916101908.0190216s9999||||xx |||||||||||||| ||und|| coclc a297bALN/Q a Al Namjar, Abdul Wahab 0aQasas Al Ambiyah /cAbdul Wahab Al Namjar bDarul Maariy,aBeirut: a468p aArabic